Christian identity and intra-Christian polemics in the Pseudo-Clementines
| Main Author: | |
|---|---|
| Format: | Print Article |
| Language: | English |
| Check availability: | HBZ Gateway |
| Interlibrary Loan: | Interlibrary Loan for the Fachinformationsdienste (Specialized Information Services in Germany) |
| Published: |
2013
|
| In: |
Others and the construction of early Christian identities
Year: 2013, Pages: 217-235 |
| RelBib Classification: | FA Theology KAB Church history 30-500; early Christianity TB Antiquity |
| Further subjects: | B
Early Christianity (motif)
B Clementine writings B Polemics |
MARC
| LEADER | 00000caa a22000002c 4500 | ||
|---|---|---|---|
| 001 | 1589988841 | ||
| 003 | DE-627 | ||
| 005 | 20210210184520.0 | ||
| 007 | tu | ||
| 008 | 190311s2013 xx ||||| 00| ||eng c | ||
| 020 | |a 9789519217611 | ||
| 035 | |a (DE-627)1589988841 | ||
| 035 | |a (DE-576)519988841 | ||
| 035 | |a (DE-599)BSZ519988841 | ||
| 040 | |a DE-627 |b ger |c DE-627 |e rakwb | ||
| 041 | |a eng | ||
| 084 | |a 1 |2 ssgn | ||
| 100 | 1 | |a Vähäkangas, Päivi |4 aut | |
| 245 | 1 | 0 | |a Christian identity and intra-Christian polemics in the Pseudo-Clementines |
| 264 | 1 | |c 2013 | |
| 336 | |a Text |b txt |2 rdacontent | ||
| 337 | |a ohne Hilfsmittel zu benutzen |b n |2 rdamedia | ||
| 338 | |a Band |b nc |2 rdacarrier | ||
| 630 | 0 | 7 | |0 (DE-588)4176145-5 |0 (DE-627)104755032 |0 (DE-576)209968664 |a Pseudoclementina |2 gnd |
| 650 | 0 | 7 | |0 (DE-588)4129954-1 |0 (DE-627)104161795 |0 (DE-576)209614838 |a Frühchristentum |2 gnd |
| 650 | 0 | 7 | |0 (DE-588)4174997-2 |0 (DE-627)105367788 |0 (DE-576)209960655 |a Polemik |2 gnd |
| 652 | |a FA:KAB:TB | ||
| 773 | 0 | 8 | |i In |t Others and the construction of early Christian identities |d Helsinki : Finnish Exegetical Society, 2013 |g (2013), Seite 217-235 |h 344 S. |w (DE-627)779810309 |z 9789519217611 |7 nnam |
| 773 | 1 | 8 | |g year:2013 |g pages:217-235 |
| 935 | |a BIIN | ||
| 951 | |a AR | ||
| BIB | |a 1 | ||
| ELC | |b 1 | ||
| LOK | |0 000 xxxxxcx a22 zn 4500 | ||
| LOK | |0 001 3060238774 | ||
| LOK | |0 003 DE-627 | ||
| LOK | |0 004 1589988841 | ||
| LOK | |0 005 20190311231749 | ||
| LOK | |0 008 190311||||||||||||||||ger||||||| | ||
| LOK | |0 035 |a (DE-Tue135-1)251930 | ||
| LOK | |0 040 |a DE-Tue135-1 |c DE-627 |d DE-Tue135-1 | ||
| LOK | |0 852 |a DE-Tue135-1 | ||
| LOK | |0 852 1 |c FTHNT074764/VSP |m p |9 00 | ||
| LOK | |0 852 2 |b N 44 HAKO |9 00 | ||
| LOK | |0 935 |a iSWA | ||
| LOK | |0 936ln |0 1442044284 |a KAB | ||
| LOK | |0 936ln |0 1442053534 |a TB | ||
| LOK | |0 936ln |0 1442044020 |a FA | ||
| LOK | |0 938 |k p | ||
| LOK | |0 939 |a 11-03-19 |b l12 | ||
| ORI | |a SA-MARC-ixtheoa001.raw | ||
| REL | |a 1 | ||
| STA | 0 | 0 | |a Clementine writings,Pseudo-Clementine writings,Early Christianity (motif),Church,Early Christianity,Early church,Polemics |
| STB | 0 | 0 | |a Christianisme primitif (motif),Christianisme primitif,Paléochristianisme,Paléochristianisme,Église,Polémique |
| STC | 0 | 0 | |a Cristianismo primitivo,Polémica |
| STD | 0 | 0 | |a Cristianesimo delle origini,Polemica |
| STE | 0 | 0 | |a 早期基督教,论战,反调 |
| STF | 0 | 0 | |a 早期基督教,論戰,反調 |
| STG | 0 | 0 | |a Cristianismo primitivo,Polêmica |
| STH | 0 | 0 | |a Полемика,Раннее христианство |
| STI | 0 | 0 | |a Πολεμική,Πρώιμος Χριστιανισμός |
| SUB | |a BIB |a REL | ||
| SYD | 0 | 0 | |a Pseudo-Clementina,Pseudoklementinen,Die Pseudoklementinen,Clementina,Klementinen,Pseudoclementinen,Pseudo-Clementines,Pseudoclementinas,Pseudoklementinen,Kerygmata des Petrus,Klemensroman,Pseudoklementinischer Roman |
| SYE | 0 | 0 | |a Alte Kirche,Frühkirche |



